| 000 | 02210nam1a2200325 i 4500 | ||
|---|---|---|---|
| 001 | RU\NLR\bibl\161044 | ||
| 005 | 20260407064052.0 | ||
| 035 | _a(NLR Aleph) 000157964 | ||
| 090 |
_a908057 _c908057 |
||
| 100 | _a20010606g20009999k y0rusy50 ca | ||
| 101 | 0 | _arus | |
| 102 | _aRU | ||
| 105 | _ay ||||||||| | ||
| 200 | 1 |
_aК.Д. Ушинский и проблемы современного образования _eСб. материалов межрег. науч.-практ. клнф., посвященной 175-летию со дня рождения К.Д. Ушинского _e[В 2 ч. _fНауч. ред.: Репин С.А., д.пед.н., проф., д.чл. Акад. пед. и социал. наук, Молчанов С.Г., д.пед.н., проф., д.чл. Акад. гуманит. наук] |
|
| 210 |
_aЧелябинск _cОбразование _d2000 |
||
| 215 | _d20 | ||
| 300 | _aВ надзаг.: М-во общ. и проф. образования Рос. Федерации, Гл. упр. образования администрации Челяб. обл., Ин-т доп. проф. образования (Повышения квалификации) пед. работников | ||
| 463 | 0 | _1001156646 | |
| 600 | 1 |
_aУшинский _bК. Д. _f1824 - 1870 _gКонстантин Дмитриевич _jСборники _xПедагогические взгляды _91875248 _3RU\NLR\auth\661142428 |
|
| 600 | 1 |
_aУшинский _bК. Д. _f1824 - 1870 _gКонстантин Дмитриевич _jСъезды, совещания и т.п. _xПедагогические взгляды _91875248 _3RU\NLR\auth\661142428 |
|
| 686 | _aЧ33(2)51-273 | ||
| 686 | _aЧ34(2)я431 | ||
| 702 | 1 |
_4340 _8rus _7ca _aРепин _bС. А. _f1940- _gСергей Арсеньевич _3RU\NLR\AUTH\774192 _9114174 |
|
| 711 | 1 | 2 |
_aМежрегиональная науч.-практ. конф., посвященная 175-летию со дня рождения К.Д.Ушинского _f2000 _eЧелябинск _3RU\NLR\AUTH\8810031434 _9561493 |
| 801 | 0 |
_aRU _bNLR _c20010606 _gPSBO |
|
| 801 | 1 |
_aRU _bNLR _c20010606 |
|
| 852 |
_aNLR _j2001-3/5503 |
||
| 942 | _cBOOK | ||